| 000 | 01286nam a22002777a 4500 | ||
|---|---|---|---|
| 003 | SISC | ||
| 005 | 20170130112232.0 | ||
| 008 | 131116b xxu||||| |||| 00| 0 eng d | ||
| 020 | _a9780071790437 | ||
| 050 |
_aHF 5382.7 _b.Sc34 2012 |
||
| 100 | _aSchepp, Debra. | ||
| 245 |
_aHow to find a job on linkedIn, facebook, twitter, and google+ / _cDebra Schepp, Brad Schepp. |
||
| 250 | _a2nd edition. | ||
| 260 |
_aNew York : _bMcGraw-Hill, _c2012. |
||
| 300 |
_a253 pages : _billustrations ; _c24 cm. |
||
| 504 | _aIncludes Index. | ||
| 505 | _aGetting LinkedIn -- Putting the work in social networking -- Create your best profile -- Build and work your LinkedIn network -- Use LinkedIn to job hunt -- Questions? : LinkedIn has answers -- Answers? : LinkedIn has questions -- Using LinkedIn on the job -- LinkedIn makes the grade for students and new grads -- Facebook, Twitter, and Google+ -- Facebook: not just for networking socially -- Twitter your way to that new job -- Google+ : the new kid on the block. | ||
| 650 |
_aJob hunting _xComputer network resources. |
||
| 650 | _aOnline social networks. | ||
| 650 | _aFacebook (Electronic resource). | ||
| 700 | _aSchepp, Brad. | ||
| 942 |
_2lcc _cBK _kFOR |
||
| 999 |
_c25586 _d25586 |
||